| 000 | 00399nmm a2200145Ia 4500 | ||
|---|---|---|---|
| 008 | 251105s9999||||xx |||||||||||||||||und|| | ||
| 041 | _aspa | ||
| 100 | _aKellerman, Faye | ||
| 245 | 0 | _aDesde la oscuridad | |
| 264 |
_a[Madrid, España] : _bHarlequin, _c2015 |
||
| 300 | _a432 páginas | ||
| 650 | _aThriller & Suspense | ||
| 856 | _uhttps://public.digitaliapublishing.com/a/49811 | ||
| 942 | _cCF | ||
| 999 |
_c105738 _d105738 |
||